Responses for Show #3274 - Thursday, November 26, 1998

Contestants

[<< previous game]

Kemp Chester, an Army captain from Columbia, South Carolina

Deborah Danzis, a college professor from High Point, North Carolina

Adriana Bate, an office manager from New Orleans, Louisiana (whose 3-day cash winnings total $22,810)

[next game >>]

Jeopardy! Round responses

LET'S TALK TURKEY
(Alex: How appropriate for today!)
NAME THE YEAR
COLLEGE FOOTBALL
(Alex: A lot of that on television also)
SMALL U.S. CAPITALS
FOLKLORE
FASHION STATEMENTS
    $100 8
Wishbone

Adriana
    $100 9
1945

Kemp
    $100 3
Field goals

Adriana
    $100 17
Cheyenne

Deborah
    $100 24
Mulan

Kemp
    $100 1
your hat

Deborah
    $200 13
Tom

Adriana
    $200 10
1989

Deborah
    $200 4
"Bear"

Kemp
    $200 18
Dover

Adriana
    $200 25
Marbles

Deborah
    $200 2
Your sleeve

Kemp
    $300 14
(Alex: They all sound pretty strange, don't they!)

Snood

Triple Stumper
    $300 11
(Kemp: What was 1996?)

1993

Kemp
Triple Stumper
    $300 5
The Big Ten

Kemp
    $500 19
(Adriana: What is Denver?)

Carson City, Nevada

Adriana
    $300 26
Love Potion No. 9

Triple Stumper
    $300 21
Dress

Adriana
    $400 15
Abraham Lincoln

Adriana
    $400 12
1948

Kemp
    $400 6
Heisman Trophy

Kemp
    $400 27
Gremlin

Adriana
    $400 22
The boot

Deborah
    $500 16
North America

Kemp
    $500 20
1986

Deborah
    $500 7
The Rose Bowl

Triple Stumper
    $500 28
[The end-of-round signal sounds.]

oil

Kemp
    $500 23
White collar

Adriana

Scores at the first commercial break (after clue 15):

Adriana Deborah Kemp
$800 $300 $1,300

Scores at the end of the Jeopardy! Round:

Adriana Deborah Kemp
$1,700 $1,500 $2,400

Double Jeopardy! Round responses

GIVING THANKS
(Alex: How appropriate!)
TENTS IN THE BIBLE
THE WOMEN'S HALL OF FAME
A WHITMAN SAMPLER
PLAYING DOCTOR
OH "MI"
    $200 17
wedding presents

Adriana
    $200 22
Sodom

Kemp
    $200 13
Madeleine Albright

Deborah
    $200 7
Leaves of Grass

Adriana
    $200 1
Omar Sharif

Deborah
    $200 6
migrating

Adriana
    $400 18
bread & butter

Triple Stumper
    $400 23
Noah

Adriana
    $400 14
(Alex: Who was making those little sounds... was that you, Kemp?)
(Kemp: No, that was not--I will not own up to that!)

Beverly Sills

Triple Stumper
    $400 8
"Song of Myself"

Deborah
    $400 2
(Kemp: Who is Gillian Anderson?)
...
(Alex: We needed the character, not the actress who plays her.)

Dana Scully (The X-Files)

AdrianaKemp
    $400 9
(Kemp: What are the Mariana Islands?)

micronesia

DeborahKemp
    $600 19
Cuba Gooding, Jr.

Deborah
    $600 24
(Alex: With a minute to go.)

Paul

Kemp
    $600 15
Nellie Bly

Triple Stumper
    $600 27
Dead Poets Society (Robin Williams)

Kemp
    $600 3
Doc Hollywood

Kemp
    $600 10
mire

Adriana
    $800 20
merci

Adriana
    $800 25
Abraham

Adriana
    $800 16
Julia Ward Howe

Triple Stumper
    $500 4
Dr. Hannibal Lecter (The Silence of the Lambs)

Kemp
    $800 11
(Adriana: What is a mine?)

a minesweeper

AdrianaDeborah
    $1000 21
the Eucharist

Triple Stumper
    $1000 26
7 days

Triple Stumper
    $500 28
[The end-of-round signal sounds.]

Eunice Kennedy Shriver

Kemp
    $1000 5
City of Angels

Deborah
    $1000 12
a mitre box

Deborah

Scores at the end of the Double Jeopardy! Round:

Adriana Deborah Kemp
$4,500 $6,100 $4,600

[wagering suggestions for these scores]

Final Jeopardy! Round responses

CLASSIC CHILDREN'S LIT
(Alex: Terrific way to celebrate Thanksgiving! So long, folks. We'll see you tomorrow!)
AdrianaWhat is Hansel & Gretel?
$1,000
KempWhat is Charlotte's Web?
$4,599
DeborahWhat is Charlotte's Web?
$3,101
Charlotte's Web

Final scores:

Adriana Deborah Kemp
$3,500 $9,201 $9,199
3rd place: Olympus DLX Sports Camera New champion: $9,201 2nd place: Trip & Cruise to Turkey & Greece

Game dynamics:

Coryat scores:

Adriana Deborah Kemp
$5,000 $6,100 $5,400
16 R,
2 W
(including 1 DD)
14 R,
0 W
15 R
(including 2 DDs),
3 W

Combined Coryat: $16,500

[game clues] [game scores] [suggest correction]

Game tape date: 1998-10-06
The J! Archive is created by fans, for fans. Scraping, republication, monetization, and malicious use prohibited; this site may use cookies and collect identifying information. See terms. The Jeopardy! game show and all elements thereof, including but not limited to copyright and trademark thereto, are the property of Jeopardy Productions, Inc. and are protected under law. This website is not affiliated with, sponsored by, or operated by Jeopardy Productions, Inc. Join the discussion at JBoard.tv.